000 00395nam a2200133Ia 4500
005 20260326235444.0
008 260326s9999||||xx |||||||||||||| ||und||
100 _aNeutra, Richard
245 0 _aRealismo Biológico :
_b Un Nuevo Renacimiento Humanístico en Arquitectura /
_cRichard Neutra
260 _bEdiciones Nueva Visión
300 _a182 p.
650 _aARQUITECTURA-GENERAL
942 _cBK
999 _c7517
_d7517